Pôvaby antipolitiky centristický populizmus - sľubná mobilizačná stratégia i projekt s ...

Podrobná bibliografia
Hlavní autori: Učeň, Peter 1967- (Autor), Krivý, Vladimír, 1948- (Autor), Gyárfášová, Oľga, 1957- (Autor)
Médium: Článok
Jazyk:slovenčina
Fyzický popis:Obr.
ISSN:1335-2296
Predmet:

MARC

LEADER 00000nab a2200000 a 4500
001 vtls008300330
003 SK-MaSNL
005 20260304140043.0
008 250505c2005 xo zr|p|||||||000 b|slo
015 |a SNBRB2005/09  |2 snkbucl 
035 |a (uuid)ffb99109-ea06-47cf-960f-0bb8c6e61688 
035 |a urn:nbn:sk:snk-aba0ct 
035 |a (urnnbn)urn:nbn:sk:snk:ar-a097i5 
040 |a SNKBUCL  |b slo  |c SNKBUCL  |e AACR2 
041 0 |a slo 
044 |a xo  |c SK 
080 |a 32.001  |2 1997 
080 |a 321  |2 1997 
100 1 |a Učeň, Peter  |d 1967-  |4 aut  |9 1456056 
245 1 0 |a Pôvaby antipolitiky  |b centristický populizmus - sľubná mobilizačná stratégia i projekt s ...  |c Peter Učeň, Vladimír Krivý, Oľga Gyárfášová 
300 |b Obr. 
500 |a Článok vychádza z prezentácie autorov na konferencii Populism and West: In Search for New Prospects of an Old Phenomenon, ktorá sa konala 9.4.2005 v Bratislave 
504 |a Bibliogr. odkazy 
650 0 7 |a politický populizmus  |2 snkbucl  |9 1456057 
650 0 7 |a populizmus  |2 snkbucl  |9 4849 
655 7 |a štúdie  |2 snkbucl  |9 57033 
700 1 |a Krivý, Vladimír,  |d 1948-  |4 aut  |9 110266 
700 1 |a Gyárfášová, Oľga,  |d 1957-  |4 aut  |9 210000 
773 0 |t OS  |g Roč. 9, č. 3-4 (2005), s. 67-77  |x 1335-2296 
850 |a Slovenská národná knižnica 
852 |a Slovenská národná knižnica 
954 |a odborná, vedecká literatúra pôvodná (slovenská)  |2 lita 
958 |a article13 
958 |a OND 
958 |a NB 
958 |a EUIPO 
999 |c 2913342  |d 2915272